000 00744nam a22002057a 4500
005 20100819153629.0
010 _aENG-101002
020 _a8177352822
_c45.00
035 _aEN-84535
037 _bDBAD/PUB
082 _a954.08
100 _aRengaraju, G
_915290
245 _aPuli Thevar :
_ba study in rebellion /
_cby G Rengaraju
260 _aChennai
_bPavai Publications
_c2008
270 _a142 Jani Jan Khan road Royapettah
_bChennai
_e600014
300 _axiv,83p
_c19cm(pbk)
500 _aincludes bibliographical references and index
942 _2ddc
_cEN
_h954.08
_mREN
999 _c42595
_d42595